000 00763nam a22002297a 4500
003 UA-OsUOA
001 50279
007 ta
008 20140530b un ||||| |||| 00| 0 ukr d
090 _a082
_bВ99
942 _cBK
040 _aUA-OsUOA
_bukr
_cUA-OsUOA
_dUA-OsUOA
245 _aВячеслав Липинський: історико-політологічна спадщина і сучасна Україна
300 _a284 с.
955 _a1
041 _aukr
080 _a082
260 _aК.; Філадельфія
_bОПП "Книга"
_c1994
650 7 _a08 Видання. Колективні праці
_2UDC
999 _c430403
_d430403